000 00398nam a2200169Ia 4500
003 OSt
005 20240309123438.0
008 170619s9999 xx 000 0 und d
020 _a9780071240833
040 _cIIMT ENGINEERING COLLEGE
100 _aPressman- R S
245 0 _aSoftware engineering
260 _bNew Delhi McGraw Hill
260 _c2005
546 _aENGLISH
942 _2ddc
_c02
999 _c22191
_d22191